[Event "Ufa Startsev Memorial"]
[Site "Ufa"]
[Date "2024.02.07"]
[Round "2"]
[White "Zvjaginsev, Vadim"]
[Black "Shvetsov, Maksim"]
[Result "1-0"]
[WhiteElo "2572"]
[BlackElo "2193"]
[PlyCount "115"]
[EventDate "2024.02.06"]
[EventType "swiss"]
[EventRounds "9"]
[EventCountry "RUS"]
[SourceTitle "CB07_2024"]
[SourceDate "2024.02.14"]
[SourceVersion "1"]
[SourceVersionDate "2024.02.14"]
[SourceQuality "1"]

1. c4 e5 2. Nc3 d6 3. g3 f5 4. d4 Be7 5. h4 Na6 6. Nf3 exd4 7. Nxd4 Nf6 8. Bh3 g6 9. Bh6 Bf8 10. Qd2 Nc5 11. Bg2 Bxh6 12. Qxh6 Ng4 13. Qg5 c6 14. Rd1 0-0 15. Qxd8 Rxd8 16. b4 Ne6 17. b5 Nxd4 18. Rxd4 Be6 19. bxc6 bxc6 20. Bxc6 Rac8 21. Bd5 Kf7 22. h5 g5 23. 0-0 Nf6 24. Bxe6+ Kxe6 25. h6 Ng4 26. Rfd1 Nxh6 27. Nb5 Nf7 28. Nxa7 Ra8 29. Nb5 Rxa2 30. Rd5 Kf6 31. Nd4 Ne5 32. c5 Ra6 33. Nb5 Nf7 34. cxd6 Ra5 35. Rc1 h6 36. f4 gxf4 37. gxf4 h5 38. d7 Ke7 39. Rcd1 Rg8+ 40. Kf2 Rb8 41. Rxf5 Raxb5 42. Rxf7+ Kxf7 43. d8Q Rxd8 44. Rxd8 Rb4 45. Kf3 Rb5 46. Rd6 Ra5 47. e3 Rb5 48. Ke4 Kg7 49. f5 Rb4+ 50. Kf3 Rb1 51. Rg6+ Kh7 52. Kf4 Rh1 53. e4 h4 54. Ke5 h3 55. Rg3 h2 56. Rg2 Kh6 57. f6 Kh7 58. Ke6 1-0

[Event "Satka Autumn"]
[Site "Satka"]
[Date "2023.09.06"]
[Round "9"]
[White "Ovod, Evgenija"]
[Black "Shvetsov, Maksim"]
[Result "1-0"]
[WhiteElo "2259"]
[BlackElo "2150"]
[PlyCount "93"]
[EventDate "2023.08.29"]
[EventType "swiss"]
[EventRounds "9"]
[EventCountry "RUS"]
[SourceTitle "EXT 2024"]
[Source "ChessBase"]
[SourceDate "2023.10.10"]
[SourceVersion "1"]
[SourceVersionDate "2023.10.10"]
[SourceQuality "1"]

1. e4 c5 2. Nf3 Nc6 3. Bb5 e6 4. 0-0 Nge7 5. Re1 a6 6. Bf1 b6 7. Nc3 Bb7 8. d4 cxd4 9. Nxd4 Nxd4 10. Qxd4 Nc6 11. Qd1 Be7 12. Be3 b5 13. a4 0-0 14. axb5 axb5 15. Rxa8 Bxa8 16. Nxb5 d6 17. b3 Qb8 18. Bc1 Ne5 19. Ba3 Rd8 20. c4 Bf8 21. Bb2 Nd7 22. Qc2 Nc5 23. Bc3 Rc8 24. b4 Nd7 25. Qb3 Bb7 26. Nd4 Qa8 27. Ra1 Qb8 28. f3 Ne5 29. Bd2 g6 30. Be3 Bg7 31. Ra2 Qc7 32. Nb5 Qe7 33. Ra7 Rb8 34. c5 Nc6 35. cxd6 Qd7 36. Ra2 Bf8 37. Bc5 Bc8 38. f4 e5 39. fxe5 Nxe5 40. Ra7 Qc6 41. Qd5 Qxd5 42. exd5 Nd7 43. Nd4 Nxc5 44. bxc5 Bh6 45. Kf2 Rb2+ 46. Be2 Rd2 47. Ra8 1-0

[Event "Cheliabinsk Panchenko Memorial op-A"]
[Site "Cheliabinsk"]
[Date "2020.09.09"]
[Round "3"]
[White "Shvetsov, Maksim"]
[Black "Ponomarev, Andrey A"]
[Result "1-0"]
[WhiteElo "2147"]
[BlackElo "1811"]
[PlyCount "45"]
[EventDate "2020.09.07"]
[EventType "swiss"]
[EventRounds "9"]
[EventCountry "RUS"]
[SourceTitle "CBM 198 Extra"]
[Source "ChessBase"]
[SourceDate "2020.11.30"]
[SourceVersion "1"]
[SourceVersionDate "2020.11.30"]
[SourceQuality "1"]

1. e4 e6 2. d4 d5 3. Nc3 Nf6 4. e5 Nfd7 5. Nf3 c5 6. dxc5 Bxc5 7. Bd3 Nc6 8. Bf4 h6 9. Bg3 Bb4 10. 0-0 0-0 11. Ne2 Nc5 12. c3 Nxd3 13. Qxd3 Be7 14. Nfd4 a5 15. f4 Nxd4 16. Nxd4 Bc5 17. Bf2 b6 18. Qf3 Ba6 19. Rfe1 Qd7 20. g4 Bxd4 21. Bxd4 Qb5 22. Qf2 Qd7 23. Re3 1-0

[Event "Cheliabinsk Panchenko Memorial op-A"]
[Site "Cheliabinsk"]
[Date "2020.09.07"]
[Round "1"]
[White "Shvetsov, Maksim"]
[Black "Timofeev, Artyom"]
[Result "0-1"]
[WhiteElo "2147"]
[BlackElo "2580"]
[PlyCount "100"]
[EventDate "2020.09.07"]
[EventType "swiss"]
[EventRounds "9"]
[EventCountry "RUS"]
[SourceTitle "CBM 198 Extra"]
[Source "ChessBase"]
[SourceDate "2020.11.30"]
[SourceVersion "1"]
[SourceVersionDate "2020.11.30"]
[SourceQuality "1"]

1. e4 c5 2. Nf3 d6 3. c3 Nf6 4. Be2 Nbd7 5. d3 b6 6. 0-0 Bb7 7. Re1 g6 8. Nbd2 Bg7 9. d4 0-0 10. Bf1 e6 11. a4 Qc7 12. a5 bxa5 13. Bd3 Rfc8 14. Nc4 cxd4 15. Nxd4 Nc5 16. Bf1 a6 17. e5 dxe5 18. Nxe5 a4 19. h3 Nfe4 20. Nd3 Rd8 21. Qc2 Nxd3 22. Bxd3 Nc5 23. Bf1 Bd5 24. Qe2 e5 25. Nf3 e4 26. Nd4 Rab8 27. Be3 f5 28. g3 Be5 29. Red1 Nd3 30. Rd2 Qd7 31. Bg5 Bxd4 32. cxd4 Rdc8 33. Bg2 Nc1 34. Qxa6 Nb3 35. Rad1 Bc4 36. Qf6 Nxd2 37. Rxd2 Qe6 38. Qxe6+ Bxe6 39. d5 Bd7 40. Bf1 Rc1 41. Kg2 Rb1 42. Bf6 Kf7 43. Bc3 Rc8 44. Ba6 Rc5 45. Bd4 Rcc1 46. f3 Rd1 47. Rxd1 Rxd1 48. Be3 Ke8 49. Bc4 Rb1 50. Bd4 Rc1 0-1

[Event "Eurasia Cup op"]
[Site "Ekaterinburg"]
[Date "2019.08.01"]
[Round "2"]
[White "Kombarov, Mikhail"]
[Black "Shvetsov, Maksim"]
[Result "0-1"]
[WhiteElo "1613"]
[BlackElo "1995"]
[PlyCount "52"]
[EventDate "2019.07.31"]
[EventType "swiss"]
[EventRounds "9"]
[EventCountry "RUS"]
[SourceTitle "CBM 191 Extra"]
[Source "ChessBase"]
[SourceDate "2019.09.30"]
[SourceVersion "1"]
[SourceVersionDate "2019.09.30"]
[SourceQuality "1"]

1. e4 c5 2. Nf3 Nc6 3. d4 cxd4 4. Nxd4 Nf6 5. Nc3 e6 6. Ndb5 Bb4 7. a3 Bxc3+ 8. Nxc3 d5 9. exd5 exd5 10. Bg5 0-0 11. Be2 d4 12. Ne4 Qa5+ 13. b4 Qe5 14. Nxf6+ gxf6 15. Bh6 Re8 16. Rb1 Bf5 17. Kf1 Ne7 18. Bd3 Bg6 19. Qg4 Nd5 20. Bd2 f5 21. Qg3 f4 22. Qg4 Kh8 23. Qf3 Bh5 24. Qh3 Be2+ 25. Kg1 Bxd3 26. cxd3 Qe2 0-1